000 00859nam a22002175a 4500
003 OSt
005 20170221113256.0
008 161120s2008 ua frb 000 0 ara d
040 _aEG-ScBUE
_bara
_cEG-ScBUE
043 _af-ua---
082 0 4 _a346.6202
_bح س ي
_222
100 1 _aحسين، محمد عبد الظاهر.
245 1 0 _aمصادر الالتزام :
_bالمصادر الإرادية وغير الإرادية /
_cمحمد عبد الظاهر حسين.
260 _aالقاهرة :
_bدار النهضة العربية،
_c[2008]
300 _a488 ص. ؛
_c24 سم.
504 _aيشتمل على إرجاعات ببليوجرافية.
650 7 _aالالتزامات
_xقوانين وتشريعات
_zمصر.
_2BUEsh
650 7 _aالعقود (قانون مدني)
_zمصر.
_2BUEsh
653 _bLLAAWW
_cFebruary2017
942 _2ddc
999 _c24215
_d24187